| 000 | 00759nam a22002537a 4500 | ||
|---|---|---|---|
| 003 | 0 | ||
| 005 | 20180727130715.0 | ||
| 008 | 0 | ||
| 010 | _aB-158200 | ||
| 020 |
_a8175101873 _c495.00 |
||
| 035 | _aB-158200, B-158201 | ||
| 037 | _bCen Lib/Ret | ||
| 040 |
_aDPL _bEN _c0 |
||
| 082 |
_a330.0151 _bPRA |
||
| 100 |
_aPrasad, A.R. _993537 |
||
| 245 |
_aA study on the theory of production / _cby A.R. Prasad |
||
| 260 |
_aNew Delhi _bReliance Publishing House _c2005 |
||
| 270 |
_a3026/7H, Ranjit Nagar _bNew Delhi _e110008 |
||
| 300 |
_axxxi,486p. _c20cm(Hb) |
||
| 500 | _aIncludes bibliographical references | ||
| 650 |
_aConcept of production _993538 |
||
| 650 |
_aProduction -- stages _993539 |
||
| 942 |
_2ddc _cEN _h330.0151 _mPRA |
||
| 999 |
_c135030 _d135030 |
||